000 00341 a2200157 4500
001 44165
020 _a8576750163
040 _cAnchieta - Aquarius
100 _aAlbergaria, Lino de
240 1 0 _aÁlbum de família
_lpor
245 1 0 _aÁlbum de família
300 _a54
362 0 _a2005
650 4 _aLiteratura juvenil
942 _cBK
999 _c44165
_d44165